000 00385nam a2200133 4500
999 _c3840
_d3840
008 160812b xxu||||| |||| 00| 0 eng d
022 _a9770118389007
082 _2June-Oct 2011
_aDPer 641.05
_bF73
245 _aFood.
260 _aPhilippines:
_bABS CBN Publishing, Inc.,
_cc2011.
300 _avarious paging:
_bcolor illustrations;
_c28 cm.
650 0 _912760
_aFood
942 _2ddc
_cPER